000 00635cam a22002173a 4500
001 44147
003 PGUSA
005 20140828084015.0
008 131110s2013||||xxu|||||s|||||000 | eng d
040 _aPGUSA
_beng
042 _adc
100 1 _aButler, Ellis Parker,
_d1869-1937
245 1 4 _aThe Great American Pie Company
_h[electronic resource] /
_cEllis Parker Butler
260 _bProject Gutenberg,
_c2013
506 _aPublic domain in the USA.
516 _aElectronic text
700 1 _aCrawford, Will,
_d1869-1944
830 0 _aProject Gutenberg
_v44147
856 4 0 _uhttp://www.gutenberg.org/ebooks/44147
942 _cEB
999 _c273398
_d273398